| 000 | 00863nam a22002777a 4500 | ||
|---|---|---|---|
| 001 | 001151 | ||
| 003 | DO-SdBPM | ||
| 005 | 20260216111441.0 | ||
| 007 | ta | ||
| 008 | 160817b1997 es | |||| 00| 0 spa d | ||
| 020 | _a9685333017 | ||
| 040 |
_aDO-SdBPM _bspa _cBPMSU _erda |
||
| 082 | 4 |
_a234.5 _bG633d 1997 _222 |
|
| 100 | 1 |
_aGómez Yánez, Salvador _eautor _4aut. |
|
| 245 | 1 | 0 |
_aDel perdón .... al amor : _bun nuevo amanece, una nueva vida / _cSalvador Gómez Yánez |
| 264 |
_aEl Salvador : _bZarza, _c1997. |
||
| 300 |
_a117 páginas : _bilustraciones ; _c114 cm. |
||
| 336 |
_atexto _btxt _2rdacontent |
||
| 337 |
_asin mediación _bn _2rdamedia |
||
| 338 |
_avolumen _bnc _2rdacarrier |
||
| 590 | _aInventariado, 2026/VM | ||
| 650 | 7 | _a Amor de Dios | |
| 650 | 7 |
_aPerdón _xMeditaciones |
|
| 910 | _aVMateo V. Control de calidad. BPMSU | ||
| 942 |
_2ddc _cBK |
||
| 999 |
_c11168 _d11168 |
||